Seconde Guerre mondiale - Quiz - Statistiques

Statistiques générales
  • Ce quiz a été pris 1 102 fois
  • Le résultat moyen est 17 sur 20
Statistiques - réponses
Question Réponse % Correct
Qui dirige l'Allemagne à ce moment là? Adolf {Hitler}
100%
Nomme un pays qui déclare la guerre à l'Allemagne juste après cette invasion France / Royaume-Uni
99%
Nomme un pays par lequel les Allemands passent en 1940 pour envahir la France par le Nord? Belgique / Luxembourg / Pays-Bas
97%
Quel pays l'Allemagne envahit-elle marquant le début de la 2nd Guerre mondiale? Pologne
97%
Quel général français fait un fameux appel à la radio de Londres le 18 juin 1940? Charles {De Gaulle}
96%
Quel pays attaque la base américaine de Pearl Harbor le 7 décembre 1941? Japon
94%
Sur quelle région française les alliés font-ils un débarquement le 6 juin 1944? Normandie
93%
Quand capitule l'Allemagne? {8} mai 1945
92%
Nomme une ville touchée par une bombe nucléaire en août 1945 Hiroshima / Nagasaki
92%
Qui est son dirigeant? Joseph {Staline}
91%
Qui est son dirigeant? Maréchal {Pétain}
91%
Quel énorme pays l'Allemagne envahit-elle en juin 1941? L'{URSS}
89%
L'Allemagne fait partie de l'Axe, le Royaume-Uni fait des ..... Alliés
88%
Qui est le dirigeant Italien à ce moment là? Benito {Mussolini}
88%
Quel régime est alors mis en place en France? Régime de {Vichy}
88%
Quelle est la date de l'armistice français? {22} juin 1940
76%
Quelle île Italienne les alliés envahissent-ils en 1943? Sicile
72%
Quel bataille violente a eu lieu entre septembre 1942 et février 1943? Bataille de {Stalingrad}
69%
Quel est le port qui fut entouré par les Allemands et qui servit à l'évacuation de centaines de milliers de soldats français et britanniques? Dunkerque
55%
Quel pays l'Allemagne envahit-elle en juste 6 heures en 1940? Danemark
44%
Aucun quiz correspondant
Distribution des résultats
% des personnes avec chaque résultat
Percentile par nombre de réponses
Votre historique - résultats
Vous n’avez pas pris ce quiz